000 00798nam a2200217Ii 4500
003 JO-AjNU
008 230605s9999||||xx |||||||||||||| ||und||
017 _a2009/12/5399
040 _aJO-AjNU
_bara
_erda
_cJO-AjNU
041 _aara
050 1 4 _aPJ7862.A524.A17 2010
100 3 _aتأليف صالح، قاسم محمد ؛ تقديم وشرح عاطف كنعان,
_eauthor
_947594
245 0 0 _aمجموعة إيناس الشعرية والغنائية الجزء الثاني - الغزليات
250 _aط1
264 3 1 _aعمان: المؤلف، 2010
300 _aج2، 237ص
336 _atext
_btxt
_2rdacontent
337 _aunmediated
_bn
_2rdamedia
338 _avolume
_bnc
_2rdacarrier
650 4 _aالشعر العربي - العصر الحديث - الأردن
_947595
999 _aA20787
_c24355
_d24355